000 00450nam a2200181Ia 4500
001 4981
005 20260306145834.0
008 260306t2009||||xx |||||||||||||| ||spa||
041 _aESP
082 _a332.409
_bF38
100 _aFerguson, Niall
_eAUT
245 0 _aEl triunfo del dinero:
_bcómo las finanzas mueven el mundo
260 _c2009
300 _a440 páginas :
_c23 cm.
650 _aGEN
654 _aCAN
942 _cLIB
_dJUS
_fJUS
_2ddc
_n
999 _c4981
_d4981